| 000 | 00660nam a22002417a 4500 | ||
|---|---|---|---|
| 005 | 20191121140506.0 | ||
| 008 | 191121b xxu||||| |||| 00| 0 eng d | ||
| 020 |
_a9789387994362 _cRs 399 |
||
| 040 | _beng | ||
| 041 | _aEnglish | ||
| 082 |
_a155.4 _bRAT |
||
| 100 | _aRathus, Spencer A | ||
| 245 |
_aCDEV _bChild and adolescent development _cSpencer A. Rathus |
||
| 250 | _a2nd ed | ||
| 260 |
_aDelhi _bCengage Learning India Private Limited _c2018 |
||
| 300 |
_avi,314p _b26 cm |
||
| 504 | _aIncludes references and index | ||
| 650 | _aChild development | ||
| 650 | _aAdolescence | ||
| 650 | _aInfant development | ||
| 850 | _aLCBED | ||
| 942 | _cBK | ||
| 999 |
_c42465 _d92944 |
||